[Event "Championnat de France - Open A"]
[Site "Aix-les-Bains"]
[Date "????.??.??"]
[Round "8.9"]
[White "Donskoi, Karel"]
[Black "Laruelle, Joel"]
[Result "0-1"]
[WhiteElo "2054"]
[BlackElo "2139"]
[PlyCount "90"]

1. c4 Nf6 2. Nc3 c5 3. e4 Nc6 4. g3 g6 5. Bg2 Bg7 6. Nge2 O-O 7. O-O d6 8. h3
Nd7 9. d3 e6 10. f4 Nb6 11. g4 f5 12. exf5 exf5 13. g5 Be6 14. Be3 Re8 15. Bf2
Qd7 16. b3 Bf7 17. d4 cxd4 18. Nxd4 d5 19. c5 Nc8 20. Rc1 N8e7 21. Ncb5 Nxd4
22. Nxd4 a6 23. Qd2 Nc6 24. Rfe1 Rad8 25. Nxc6 bxc6 26. Bd4 Re4 27. Bxg7 Kxg7
28. Bxe4 fxe4 29. Qd4+ Kg8 30. Re3 Be6 31. Kg2 Rf8 32. Rf1 Qc7 33. Kg3 Rf5 34.
h4 Bc8 35. Re2 Qd7 36. Qe3 Rf7 37. Kf2 Qg4 38. Ke1 Qxh4+ 39. Kd2 Qg4 40. Kc1
Qd7 41. Rd2 Qc7 42. b4 Bg4 43. a4 Qb8 44. Rd4 Rb7 45. Qd2 Qf8 0-1

[Event "Championnat de France - Open A"]
[Site "Aix-les-Bains"]
[Date "????.??.??"]
[Round "8.10"]
[White "Aurel, Luc"]
[Black "Benedic, Patrick"]
[Result "0-1"]
[WhiteElo "2121"]
[BlackElo "2053"]
[PlyCount "58"]

1. e4 e5 2. Nf3 Nc6 3. Bb5 a6 4. Bxc6 dxc6 5. O-O Bg4 6. h3 Bh5 7. g4 Bg6 8.
Nxe5 Bd6 9. Nf3 Qd7 10. d4 O-O-O 11. Qe2 h5 12. Ne5 Bxe5 13. dxe5 hxg4 14. Bf4
Rxh3 15. Nc3 Qe6 16. Rad1 Re8 17. Bg3 f6 18. Qe3 Kb8 19. Na4 Qc4 20. Rd4 Rh1+
21. Kxh1 Qxf1+ 22. Kh2 Ne7 23. Bh4 Rh8 24. Qg3 Bxe4 25. Rxe4 Nf5 26. Qxg4 Rxh4+
27. Qxh4 Nxh4 28. Rxh4 Qxf2+ 29. Kh3 fxe5 0-1

[Event "Championnat de France - Open A"]
[Site "Aix-les-Bains"]
[Date "????.??.??"]
[Round "9.1"]
[White "Milesi, Laurent"]
[Black "Soyer, Jean-Yves"]
[Result "1/2-1/2"]
[WhiteElo "2103"]
[BlackElo "2126"]
[PlyCount "37"]

1. f4 Nf6 2. Nf3 g6 3. b3 Bg7 4. Bb2 O-O 5. e3 c5 6. Be2 Nc6 7. O-O d6 8. Qe1
e5 9. fxe5 Ng4 10. Na3 Ngxe5 11. Nc4 Qe7 12. Qg3 Bd7 13. a4 Rae8 14. Kh1 Nxc4
15. Bxg7 Nxe3 16. Bxf8 Nxf1 17. Qxd6 Kxf8 18. Qxe7+ Rxe7 19. Bxf1 1/2-1/2

[Event "Championnat de France - Open A"]
[Site "Aix-les-Bains"]
[Date "????.??.??"]
[Round "9.2"]
[White "Laruelle, Joel"]
[Black "Bianchi, Guillaume"]
[Result "0-1"]
[WhiteElo "2139"]
[BlackElo "2150"]
[PlyCount "78"]

1. e4 e5 2. Nf3 Nc6 3. d4 exd4 4. Nxd4 Nf6 5. Nxc6 bxc6 6. e5 Qe7 7. Qe2 Nd5 8.
c4 Nb6 9. b3 a5 10. Bb2 a4 11. Nd2 axb3 12. axb3 Rxa1+ 13. Bxa1 Qa3 14. Qd1 Bb4
15. Bd3 Qa5 16. Ke2 d6 17. Nf3 Bg4 18. exd6 O-O 19. Qb1 Re8+ 20. Kd1 Qg5 21.
Qb2 Ra8 22. Ke2 Re8+ 23. Kd1 f6 24. dxc7 Qf4 25. Be2 Qxc7 26. c5 Rd8+ 27. Nd4
Bxc5 28. Bxg4 Bxd4 29. Qe2 Bxa1+ 30. Kc2 Qe5 31. Qxe5 Bxe5 32. g3 Nd5 33. Kd3
Kf7 34. Kc4 g6 35. Rd1 Bd6 36. b4 Rb8 37. Rb1 Rxb4+ 38. Rxb4 Nxb4 39. Bf3 Ke6
0-1

[Event "Championnat de France - Open A"]
[Site "Aix-les-Bains"]
[Date "????.??.??"]
[Round "9.3"]
[White "Chamba, Antoine"]
[Black "Debeaune, Robin"]
[Result "0-1"]
[WhiteElo "2091"]
[BlackElo "2196"]
[PlyCount "118"]

1. Nf3 g6 2. g3 Bg7 3. Bg2 Nf6 4. O-O O-O 5. d3 c6 6. c4 Na6 7. Nc3 Nc7 8. Qc2
Re8 9. b3 e5 10. Bb2 d5 11. cxd5 Nfxd5 12. Nxd5 Nxd5 13. Rac1 a5 14. a3 Ra6 15.
Nd2 Nc7 16. Nc4 Nb5 17. e3 Bf5 18. Rfd1 Qd7 19. b4 axb4 20. axb4 Bh3 21. Bh1
Qe7 22. Rb1 h5 23. Nd2 Ra2 24. Qb3 Be6 25. Nc4 Raa8 26. Qc2 Bg4 27. Re1 Rad8
28. Be4 h4 29. Na5 Be6 30. Nb3 Bd5 31. Nc5 Bxe4 32. Nxe4 f5 33. Nc5 h3 34. Qe2
Kf7 35. Qf1 Rh8 36. d4 e4 37. Qc4+ Rd5 38. Na4 Nd6 39. Qb3 Kf8 40. Ra1 Nb5 41.
Nb6 Rd8 42. d5 Qc7 43. Na8 Qf7 44. Bxg7+ Kxg7 45. Nb6 cxd5 46. Ra5 Nc7 47. Rc1
Kh6 48. Qc3 Rh7 49. Qe5 Re8 50. Qf4+ g5 51. Qd6+ Re6 52. Qd8 Rxb6 53. Rac5 Rc6
54. Rxc6+ bxc6 55. Rxc6+ Kh5 56. Qd6 Qg7 57. Kf1 Kg4 58. Rc1 Qb2 59. Qc5 Ne6
0-1

[Event "Championnat de France - Open A"]
[Site "Aix-les-Bains"]
[Date "????.??.??"]
[Round "9.4"]
[White "Benedic, Patrick"]
[Black "Fischer, Marc"]
[Result "0-1"]
[WhiteElo "2053"]
[BlackElo "2183"]
[PlyCount "82"]

1. e4 e6 2. d4 d5 3. Nc3 Nf6 4. Bg5 Bb4 5. e5 h6 6. Bd2 Bxc3 7. bxc3 Ne4 8. Qg4
g6 9. Qf4 c5 10. Bd3 Nxd2 11. Qxd2 Nc6 12. Bb5 Qb6 13. a4 Bd7 14. Ne2 Na5 15.
Bxd7+ Kxd7 16. O-O c4 17. Qf4 Raf8 18. Rfb1 Qc7 19. Ng3 b6 20. Re1 f5 21. Qc1
f4 22. Ne2 g5 23. f3 Rhg8 24. Kf2 Qd8 25. h3 h5 26. Rh1 Qe7 27. Qa3 Qxa3 28.
Rxa3 Rf7 29. Raa1 Nc6 30. Rhf1 Ne7 31. Rfb1 Kc6 32. Rg1 Nf5 33. g4 fxg3+ 34.
Nxg3 Nh4 35. Nxh5 Rxf3+ 36. Ke2 Rxc3 37. Nf6 Rg6 38. Kd2 Rxh3 39. Rh1 g4 40.
Ke2 Nf5 41. c3 Ng3+ 0-1

[Event "Championnat de France - Open A"]
[Site "Aix-les-Bains"]
[Date "????.??.??"]
[Round "9.5"]
[White "Bonn, Thomas"]
[Black "Thely, Ludovic"]
[Result "1-0"]
[WhiteElo "2116"]
[BlackElo "2089"]
[PlyCount "129"]

1. e4 c5 2. Nc3 e6 3. g3 d5 4. Bg2 Nf6 5. d3 dxe4 6. Nxe4 Nxe4 7. Bxe4 Qc7 8.
Bg2 Nc6 9. Nf3 e5 10. h3 Be7 11. O-O O-O 12. Re1 Bf5 13. Qe2 Bd6 14. Be3 Nd4
15. Bxd4 exd4 16. Nd2 Bd7 17. Qf3 Bc6 18. Qh5 Bxg2 19. Kxg2 f5 20. Re6 b5 21.
Qf3 Rad8 22. a4 Qf7 23. Rae1 a6 24. Qc6 Qd7 25. Qxa6 bxa4 26. Nc4 Bb8 27. Qc6
Qxc6+ 28. Rxc6 Rc8 29. Rxc8 Rxc8 30. Ra1 Kf7 31. Rxa4 Ke6 32. Ra8 Rd8 33. Kf3
Kd7 34. Ra5 Kc6 35. Ra6+ Kb7 36. Rb6+ Ka7 37. Rc6 Rd5 38. Re6 Rd7 39. Ne5 Bxe5
40. Rxe5 Kb6 41. Rxf5 Ra7 42. Ke2 Kc6 43. Kd2 Kd6 44. Rf8 Rb7 45. b3 Ke7 46.
Rh8 h6 47. Rc8 Kd6 48. Re8 Rf7 49. Ke2 Ra7 50. Kf3 Rf7+ 51. Kg2 Ra7 52. Re2 Rf7
53. f4 Kd5 54. Kf3 Kc6 55. Kg4 Kb5 56. Kh5 Kb4 57. Kg6 Ra7 58. f5 Kc3 59. g4
Kb2 60. h4 Kc1 61. g5 hxg5 62. hxg5 Kd1 63. Rg2 Re7 64. f6 gxf6 65. gxf6 1-0

[Event "Championnat de France - Open A"]
[Site "Aix-les-Bains"]
[Date "????.??.??"]
[Round "9.6"]
[White "Massoni, Michael"]
[Black "Song, Julien"]
[Result "1/2-1/2"]
[WhiteElo "2108"]
[BlackElo "2020"]
[PlyCount "44"]

1. e4 e6 2. d4 d5 3. Nc3 Nf6 4. Bg5 dxe4 5. Nxe4 Be7 6. Bxf6 Bxf6 7. Nf3 Nd7 8.
c3 O-O 9. Bd3 b6 10. Qc2 Bb7 11. O-O Qe7 12. Rfe1 h6 13. Rad1 c5 14. Bb5 Rfd8
15. Qa4 Bxe4 16. Rxe4 cxd4 17. cxd4 Qd6 18. Ree1 a6 19. Bd3 b5 20. Qc2 Rac8 21.
Qe2 Nb6 22. Ne5 Nd5 1/2-1/2

[Event "Championnat de France - Open A"]
[Site "Aix-les-Bains"]
[Date "????.??.??"]
[Round "9.7"]
[White "Le Ruyet, Leopold"]
[Black "Defrance, Laurent"]
[Result "0-1"]
[WhiteElo "2016"]
[BlackElo "2178"]
[PlyCount "40"]

1. e4 e5 2. Nf3 Nf6 3. Nxe5 d6 4. Nf3 Nxe4 5. Nc3 Nxc3 6. dxc3 Be7 7. Bf4 Nd7
8. Qd2 Nc5 9. O-O-O O-O 10. h4 Re8 11. Bd3 Bg4 12. Rdg1 Qd7 13. Nd4 Nxd3+ 14.
Qxd3 c5 15. Nb3 d5 16. Qd2 Rad8 17. f3 Be6 18. Qf2 b6 19. g4 Qa4 20. Kb1 Qxf4
0-1

[Event "Championnat de France - Open A"]
[Site "Aix-les-Bains"]
[Date "????.??.??"]
[Round "9.8"]
[White "Migot, Tanguy"]
[Black "Montabord, Manuel"]
[Result "0-1"]
[WhiteElo "2002"]
[BlackElo "2163"]
[PlyCount "90"]

1. e4 c5 2. Nf3 d6 3. d4 cxd4 4. Nxd4 Nf6 5. Nc3 a6 6. Be3 e5 7. Nb3 Be6 8. Be2
Be7 9. Nd5 Nbd7 10. Qd3 Rc8 11. O-O Bxd5 12. exd5 O-O 13. c4 b6 14. Nd2 a5 15.
a3 Nc5 16. Qb1 a4 17. b4 axb3 18. Nxb3 Na4 19. Nd2 Nc3 20. Qd3 Nxe2+ 21. Qxe2
Nd7 22. a4 f5 23. f3 Bf6 24. Ra3 Kh8 25. Rb1 Re8 26. Rb5 e4 27. f4 g5 28. g3
gxf4 29. Bxf4 Nc5 30. Be3 Be5 31. Nf1 Rf8 32. Qd2 Nd7 33. Rb4 Qf6 34. Bg5 Qg6
35. Bf4 Qg4 36. Qf2 Qg7 37. Ne3 Nc5 38. Bxe5 dxe5 39. Rxb6 f4 40. Ng2 Nd3 41.
Qc2 fxg3 42. h3 Rf2 43. Qb1 Qf8 44. Ra2 Rxa2 45. Qxa2 Qc5+ 0-1

[Event "Championnat de France - Open A"]
[Site "Aix-les-Bains"]
[Date "????.??.??"]
[Round "9.9"]
[White "Lecoq, Julien"]
[Black "Perruchaud, Francois"]
[Result "1/2-1/2"]
[WhiteElo "2106"]
[BlackElo "2097"]
[PlyCount "158"]

1. e4 d5 2. exd5 Nf6 3. d4 Nxd5 4. Nf3 g6 5. c4 Nb6 6. Nc3 Bg7 7. c5 Nd5 8. Bc4
c6 9. Qb3 O-O 10. O-O Nxc3 11. bxc3 b5 12. cxb6 axb6 13. Bf4 b5 14. Bd3 Be6 15.
Qc2 Ra4 16. Rfe1 Bd5 17. Nd2 Qa5 18. Rxe7 c5 19. Bc7 Qa6 20. dxc5 Nc6 21. Ree1
Ra8 22. Be4 Bxa2 23. Bf3 b4 24. Ne4 bxc3 25. Nxc3 Nd4 26. Qxa4 Nxf3+ 27. gxf3
Qxa4 28. Nxa4 Bxa1 29. Nb6 Bc3 30. Re3 Ra7 31. Rxc3 Rxc7 32. Kf1 Kf8 33. Ke2
Ke7 34. Ke3 Rc6 35. Kd4 Be6 36. Nd5+ Ke8 37. Nf6+ Ke7 38. Nd5+ Kf8 39. Ra3 Rc8
40. Nb6 Rc6 41. Ra7 h5 42. Nd7+ Ke8 43. Ne5 Rc8 44. Ra6 Ke7 45. Ra7+ Ke8 46.
Nc4 Kf8 47. Nd6 Rc6 48. Nc4 Rc8 49. Na5 Rd8+ 50. Ke3 Rc8 51. Kd4 Rd8+ 52. Kc3
Rc8 53. Kb4 Rb8+ 54. Rb7 Rxb7+ 55. Nxb7 Bd5 56. Nd6 Bxf3 57. Kb5 Ke7 58. Nc8+
Kd7 59. Nd6 Bd5 60. f4 h4 61. Kb6 f6 62. Nb5 g5 63. fxg5 fxg5 64. Nd4 g4 65.
Nf5 h3 66. Ng3 Ke6 67. c6 Ke5 68. c7 Be6 69. Kc5 Kf4 70. Kd4 Kf3 71. Kd3 Kg2
72. Ke3 Bc8 73. Ke2 Bb7 74. Ke1 Ba6 75. Nf1 Kg1 76. Ng3 Bb7 77. Nf1 Bc8 78. Ng3
Kxh2 79. Kf2 Ba6 1/2-1/2

[Event "Championnat de France - Open A"]
[Site "Aix-les-Bains"]
[Date "????.??.??"]
[Round "9.10"]
[White "Clement, Paul"]
[Black "Le Bail, Clara"]
[Result "1/2-1/2"]
[WhiteElo "2046"]
[BlackElo "1981"]
[PlyCount "47"]

1. Nf3 d5 2. g3 Nf6 3. Bg2 c6 4. d4 g6 5. c4 Bg7 6. cxd5 cxd5 7. Nc3 O-O 8. O-O
Nc6 9. Ne5 Qb6 10. Na4 Qa5 11. Nxc6 bxc6 12. Nc5 e5 13. dxe5 Qxc5 14. exf6 Bxf6
15. Bh6 Re8 16. Rc1 Qb5 17. Rxc6 Bxb2 18. a4 Qxc6 19. Bxd5 Qf6 20. Bxa8 Bh3 21.
Bg2 Bxg2 22. Kxg2 g5 23. Qd2 Qxh6 24. Qxb2 1/2-1/2

[Event "Championnat de France - Open A"]
[Site "Aix-les-Bains"]
[Date "2007.08.24"]
[Round "10.1"]
[White "Fischer, Marc"]
[Black "Milesi, Laurent"]
[Result "1/2-1/2"]
[WhiteElo "2183"]
[BlackElo "2103"]
[PlyCount "70"]
[EventDate "2007.??.??"]

1. d4 b6 2. e4 Bb7 3. Nc3 e6 4. Be3 Bb4 5. f3 Bxc3+ 6. bxc3 Ne7 7. Bd3 O-O 8.
Ne2 f5 9. O-O Nbc6 10. e5 Qe8 11. c4 h6 12. Qe1 g5 13. f4 g4 14. Nc3 Nb4 15.
Nb5 Nxd3 16. cxd3 Qh5 17. Nxc7 Rac8 18. Nb5 Ng6 19. Nd6 Bc6 20. Nxc8 Rxc8 21.
Rc1 Re8 22. Qg3 Ne7 23. Rb1 Qf7 24. Bd2 Ng6 25. h3 h5 26. h4 Qe7 27. Be1 Qa3
28. Rf2 Kf7 29. Rfb2 Rg8 30. Qe3 g3 31. Qxg3 Nxe5 32. Bb4 Rxg3 33. Bxa3 Nxd3
34. Kh2 Rg4 35. g3 Nxb2 1/2-1/2

[Event "Championnat de France - Open A"]
[Site "Aix-les-Bains"]
[Date "2007.08.24"]
[Round "10.2"]
[White "Bianchi, Guillaume"]
[Black "Debeaune, Robin"]
[Result "1/2-1/2"]
[WhiteElo "2150"]
[BlackElo "2196"]
[PlyCount "39"]
[EventDate "2007.??.??"]

1. e4 c5 2. Nf3 Nc6 3. d4 cxd4 4. Nxd4 Nf6 5. Nc3 g6 6. Be2 Bg7 7. Nb3 O-O 8.
O-O d6 9. Bg5 Be6 10. Kh1 Qc8 11. f4 Rd8 12. Qe1 d5 13. e5 Ng4 14. Bd3 Bf5 15.
Bxf5 Qxf5 16. h3 Ngxe5 17. g4 Nxg4 18. hxg4 Qxg4 19. Qh4 Qf5 20. Rae1 1/2-1/2

[Event "Championnat de France - Open A"]
[Site "Aix-les-Bains"]
[Date "2007.08.24"]
[Round "10.3"]
[White "Soyer, Jean-Yves"]
[Black "Bonn, Thomas"]
[Result "1/2-1/2"]
[WhiteElo "2126"]
[BlackElo "2116"]
[PlyCount "77"]
[EventDate "2007.??.??"]

1. d4 f5 2. g3 Nf6 3. Bg2 e6 4. Nf3 Be7 5. O-O O-O 6. c4 d6 7. Nc3 Qe8 8. Qc2
Qh5 9. d5 e5 10. c5 Na6 11. cxd6 cxd6 12. e3 g5 13. Qd1 f4 14. exf4 gxf4 15.
gxf4 Bg4 16. h3 Bxh3 17. Bxh3 Qxh3 18. Ng5 Qh4 19. Qf3 exf4 20. Ne6 Rf7 21.
Qxf4 Ng4 22. Qg3 Kh8 23. Qxh4 Bxh4 24. Ne4 Rg8 25. Bg5 Bxg5 26. N4xg5 Rf5 27.
f3 Ne3 28. Rf2 Rgxg5+ 29. Nxg5 Rxg5+ 30. Kh1 Nxd5 31. Rd1 Nac7 32. Re2 Re5 33.
Rxe5 dxe5 34. Re1 Kg7 35. Rxe5 Kf6 36. Rh5 Kg6 37. Re5 Kf6 38. Rh5 Kg6 39. Re5
1/2-1/2

[Event "Championnat de France - Open A"]
[Site "Aix-les-Bains"]
[Date "2007.08.24"]
[Round "10.4"]
[White "Defrance, Laurent"]
[Black "Massoni, Michael"]
[Result "1/2-1/2"]
[WhiteElo "2178"]
[BlackElo "2108"]
[PlyCount "31"]
[EventDate "2007.??.??"]

1. d4 Nf6 2. Nf3 g6 3. c4 Bg7 4. Nc3 d5 5. e3 c5 6. Be2 cxd4 7. exd4 O-O 8. O-O
Nbd7 9. Re1 dxc4 10. Bxc4 Nb6 11. Bb3 Nfd5 12. Bg5 Re8 13. h3 Bf5 14. Nxd5 Nxd5
15. Rc1 Be6 16. Qd2 1/2-1/2

[Event "Championnat de France - Open A"]
[Site "Aix-les-Bains"]
[Date "2007.08.24"]
[Round "10.5"]
[White "Montabord, Manuel"]
[Black "Song, Julien"]
[Result "0-1"]
[WhiteElo "2163"]
[BlackElo "2020"]
[PlyCount "78"]
[EventDate "2007.??.??"]

1. e4 e6 2. d3 c5 3. Nf3 Nc6 4. g3 d5 5. Qe2 Nf6 6. Bg2 Be7 7. O-O O-O 8. e5
Ne8 9. c4 Nc7 10. Nc3 a6 11. Bf4 b5 12. b3 Bb7 13. h4 Qc8 14. Rac1 Nd4 15. Nxd4
cxd4 16. Nb1 dxc4 17. bxc4 Bxg2 18. Kxg2 Qb7+ 19. Kh2 Rab8 20. Nd2 bxc4 21.
Rxc4 Nd5 22. Ne4 Kh8 23. Bg5 Bxg5 24. hxg5 Qb2 25. Rc2 Qb7 26. Rh1 f5 27. exf6
gxf6 28. Nc5 Qf7 29. Qxe6 fxg5 30. Qe5+ Nf6 31. Ne4 Rb5 32. Qxd4 Rd5 33. Qc3
Kg8 34. Kg2 Ng4 35. Rhc1 Qh5 36. Rh1 Qf7 37. d4 Rf5 38. f3 Rxf3 39. Qxf3 Qxf3+
0-1

[Event "Championnat de France - Open A"]
[Site "Aix-les-Bains"]
[Date "2007.08.24"]
[Round "10.6"]
[White "Brethes, Francois"]
[Black "Chamba, Antoine"]
[Result "0-1"]
[WhiteElo "2180"]
[BlackElo "2091"]
[PlyCount "62"]
[EventDate "2007.??.??"]

1. d4 Nf6 2. Nf3 g6 3. c3 Bg7 4. Bg5 d6 5. Nbd2 O-O 6. e4 c5 7. dxc5 dxc5 8.
Be2 Nc6 9. O-O Qc7 10. Qc2 Be6 11. Be3 b6 12. h3 h6 13. Nh4 Rad8 14. f4 Bc8 15.
Rad1 e6 16. a4 Bb7 17. g4 Ne7 18. Rf2 Bc6 19. Bf3 Qb7 20. c4 Nxe4 21. Nxe4
Rxd1+ 22. Kg2 Rfd8 23. g5 R1d3 24. Nf6+ Bxf6 25. gxf6 Nf5 26. Nxf5 exf5 27. Qe2
Be4 28. Kg3 Bxf3 29. Rxf3 Qe4 30. Qf2 R8d6 31. Kh2 Re6 0-1

[Event "Championnat de France - Open A"]
[Site "Aix-les-Bains"]
[Date "2007.08.24"]
[Round "10.7"]
[White "Thely, Ludovic"]
[Black "Laruelle, Joel"]
[Result "1/2-1/2"]
[WhiteElo "2089"]
[BlackElo "2139"]
[PlyCount "89"]
[EventDate "2007.??.??"]

1. e4 e5 2. Nf3 Nc6 3. Bb5 a6 4. Ba4 b5 5. Bb3 Nf6 6. d3 d6 7. Ng5 d5 8. exd5
Nd4 9. O-O h6 10. Ne4 Nxb3 11. Nxf6+ gxf6 12. axb3 Qxd5 13. Nc3 Qc6 14. d4 Bb7
15. d5 Qd7 16. Ne4 Be7 17. c4 f5 18. Ng3 f4 19. Ne4 O-O-O 20. f3 f5 21. Nf2
Rhg8 22. Nd3 Qd6 23. Qe2 Bf6 24. Bd2 c5 25. Qf2 e4 26. Bxf4 Bd4 27. Bxd6 Rxd6
28. Nxc5 Bxf2+ 29. Kxf2 e3+ 30. Kxe3 Rxg2 31. Rf2 f4+ 32. Ke2 Rg7 33. Rd1 Rc7
34. Ne6 Re7 35. Rg1 Bxd5 36. cxd5 Rxd5 37. Rg6 Re5+ 38. Kd2 R5xe6 39. Rfg2 h5
40. Rxe6 Rxe6 41. Re2 Rg6 42. Kd3 Kd7 43. Ke4 Re6+ 44. Kd3 Rg6 45. Ke4 1/2-1/2

[Event "Championnat de France - Open A"]
[Site "Aix-les-Bains"]
[Date "2007.08.24"]
[Round "10.8"]
[White "Le Bail, Clara"]
[Black "Roussel, Cyril"]
[Result "1-0"]
[WhiteElo "1981"]
[BlackElo "2130"]
[PlyCount "63"]
[EventDate "2007.??.??"]

1. e4 e6 2. d4 d5 3. exd5 exd5 4. Nf3 Bd6 5. c4 dxc4 6. Bxc4 Nf6 7. O-O O-O 8.
Nc3 Bg4 9. h3 Bh5 10. g4 Bg6 11. Ne5 c5 12. Nxg6 hxg6 13. dxc5 Bxc5 14. Bxf7+
Kxf7 15. Qb3+ Ke8 16. Re1+ Be7 17. Qxb7 Nbd7 18. Bf4 Rf7 19. Nb5 Kf8 20. Nc7
Nc5 21. Qxa8 Qxa8 22. Nxa8 Nd3 23. Bg3 Nxe1 24. Rxe1 Nd5 25. Nc7 Nb4 26. a3 Nd3
27. Re3 Nxb2 28. Rb3 Bf6 29. Rb8+ Ke7 30. Nd5+ Ke6 31. Nxf6 Nc4 32. Ne4 1-0

[Event "Championnat de France - Open A"]
[Site "Aix-les-Bains"]
[Date "2007.08.24"]
[Round "10.9"]
[White "Prodhomme, Boris"]
[Black "Lecoq, Julien"]
[Result "1-0"]
[WhiteElo "2071"]
[BlackElo "2106"]
[PlyCount "81"]
[EventDate "2007.??.??"]

1. d4 Nf6 2. c4 c5 3. d5 e6 4. Nc3 exd5 5. cxd5 d6 6. e4 g6 7. Nf3 Bg7 8. h3
O-O 9. Bd3 Re8 10. O-O Na6 11. Re1 Nc7 12. a4 a6 13. Qc2 Rb8 14. a5 Bd7 15. Bf4
Bb5 16. Nd2 Nh5 17. Be3 Be5 18. Nc4 Bxc4 19. Bxc4 Qh4 20. Qc1 Bf4 21. Bxf4 Qxf4
22. Qxf4 Nxf4 23. g3 Nh5 24. e5 Rxe5 25. Rxe5 dxe5 26. Ne4 b6 27. axb6 Rxb6 28.
d6 Ne6 29. Bxe6 fxe6 30. d7 Rb8 31. Rd1 Rd8 32. Nxc5 Nf6 33. g4 Kf7 34. Rd6 g5
35. Rxa6 Nxd7 36. Ra7 Ke7 37. Rxd7+ Rxd7 38. Nxd7 Kxd7 39. Kf1 Kd6 40. Ke2 Kc5
41. Ke3 1-0

[Event "Championnat de France - Open A"]
[Site "Aix-les-Bains"]
[Date "2007.08.24"]
[Round "10.10"]
[White "Perruchaud, Francois"]
[Black "Clement, Paul"]
[Result "0-1"]
[WhiteElo "2097"]
[BlackElo "2046"]
[PlyCount "124"]
[EventDate "2007.??.??"]

1. d4 e6 2. Nf3 d5 3. c4 c6 4. g3 Nf6 5. Bg2 Be7 6. O-O O-O 7. b3 Nbd7 8. Nbd2
dxc4 9. Nxc4 c5 10. Bb2 Rb8 11. Nce5 Nxe5 12. Nxe5 Nd7 13. Nxd7 Qxd7 14. dxc5
Qxd1 15. Rfxd1 Bxc5 16. Rac1 Be7 17. Be5 Ra8 18. Bc7 a5 19. a4 Re8 20. e3 Bb4
21. Bd6 Bxd6 22. Rxd6 Kf8 23. Rc7 Rb8 24. Rc5 Ra8 25. Rb6 Re7 26. Rh5 Rc7 27.
Rbb5 Rc1+ 28. Bf1 b6 29. Rxb6 g6 30. Re5 f6 31. Reb5 Bd7 32. Rb8+ Rxb8 33.
Rxb8+ Ke7 34. f3 Rb1 35. Ra8 e5 36. Kf2 Rb2+ 37. Be2 e4 38. Rxa5 exf3 39. Kxf3
Bc6+ 40. Kf2 Be4 41. Ke1 Rb1+ 42. Kd2 Rxb3 43. Ra7+ Kd6 44. Bc4 Rb2+ 45. Kc3
Rxh2 46. Bg8 h5 47. Ra6+ Ke5 48. Ra5+ Kd6 49. Kd4 Bc6 50. Ra6 h4 51. gxh4 Rxh4+
52. Kd3 Rxa4 53. Rb6 g5 54. Bf7 Ra3+ 55. Ke2 Kc5 56. Rb1 Be4 57. Rc1+ Kd6 58.
Kf2 Ra5 59. Rc8 Rf5+ 60. Ke2 Bf3+ 61. Ke1 g4 62. Rg8 Rc5 0-1

[Event "Championnat de France - Open A"]
[Site "Aix-les-Bains"]
[Date "2007.08.25"]
[Round "11.2"]
[White "Fischer, Marc"]
[Black "Bianchi, Guillaume"]
[Result "1/2-1/2"]
[WhiteElo "2183"]
[BlackElo "2150"]
[PlyCount "31"]
[EventDate "2007.??.??"]

1. Nf3 Nf6 2. g3 g6 3. c4 Bg7 4. Bg2 O-O 5. O-O d6 6. Nc3 e5 7. d3 h6 8. Rb1
Nh5 9. b4 f5 10. Qb3 c6 11. b5 Kh7 12. a4 g5 13. Ba3 Re8 14. Nd2 Nf6 15. a5 a6
16. bxc6 1/2-1/2

[Event "Championnat de France - Open A"]
[Site "Aix-les-Bains"]
[Date "2007.08.25"]
[Round "11.3"]
[White "Song, Julien"]
[Black "Soyer, Jean-Yves"]
[Result "1/2-1/2"]
[WhiteElo "2020"]
[BlackElo "2126"]
[PlyCount "24"]
[EventDate "2007.??.??"]

1. d4 Nf6 2. c4 e6 3. Nf3 b6 4. a3 Bb7 5. Nc3 d5 6. cxd5 exd5 7. Bg5 Be7 8. g3
Nbd7 9. Bg2 h6 10. Bxf6 Bxf6 11. Qb3 c6 12. O-O O-O 1/2-1/2

[Event "Championnat de France - Open A"]
[Site "Aix-les-Bains"]
[Date "2007.08.25"]
[Round "11.4"]
[White "Debeaune, Robin"]
[Black "Defrance, Laurent"]
[Result "1/2-1/2"]
[WhiteElo "2196"]
[BlackElo "2178"]
[PlyCount "105"]
[EventDate "2007.??.??"]

1. g3 e5 2. Bg2 d5 3. c4 d4 4. d3 Nf6 5. Nf3 Nc6 6. O-O Be7 7. b4 Bxb4 8. Nxe5
Nxe5 9. Qa4+ Ned7 10. Qxb4 c5 11. Qb3 O-O 12. a4 Re8 13. Ra2 Ne5 14. a5 a6 15.
Qa3 Qe7 16. Rb2 Nc6 17. e4 Nd7 18. f4 f6 19. Bd2 Rb8 20. Re1 Qd6 21. Qa4 Qc7
22. Re2 Nf8 23. Be1 Bd7 24. Qa3 Bg4 25. Rf2 Nd7 26. Nd2 Qxa5 27. Qb3 Qc3 28.
Nf3 Qxb3 29. Rxb3 b5 30. cxb5 axb5 31. Rfb2 c4 32. Rxb5 c3 33. Rxb8 Rxb8 34.
Rxb8+ Ndxb8 35. Kf2 Na6 36. Nxd4 Nxd4 37. Bxc3 Nb5 38. Ba5 Kf8 39. Ke3 Ke7 40.
d4 Nd6 41. Bf1 Bc8 42. Bd3 h6 43. Bc3 Nc7 44. Bb4 Kd7 45. Bc5 Ba6 46. h4 Bxd3
47. Kxd3 h5 48. f5 Ncb5 49. Bb4 Ke8 50. Bc5 Kf7 51. Ke3 Nb7 52. Bb4 N7d6 53.
Bc5 1/2-1/2

[Event "Championnat de France - Open A"]
[Site "Aix-les-Bains"]
[Date "2007.08.25"]
[Round "11.5"]
[White "Benedic, Patrick"]
[Black "Massoni, Michael"]
[Result "0-1"]
[WhiteElo "2053"]
[BlackElo "2108"]
[PlyCount "50"]
[EventDate "2007.??.??"]

1. e4 c5 2. Nf3 e6 3. d4 cxd4 4. Nxd4 a6 5. g3 d5 6. Bg2 dxe4 7. Bxe4 Nf6 8.
Bf3 e5 9. Nb3 Qc7 10. O-O Be7 11. Bg2 Nc6 12. Nc3 Be6 13. Bg5 Rd8 14. Qc1 O-O
15. Bxf6 Bxf6 16. Nc5 Bc4 17. Re1 Be7 18. Nb3 f5 19. Nd2 Be6 20. Nf3 h6 21.
Nxe5 Nxe5 22. Qe3 Bd6 23. Rad1 Rfe8 24. Rxd6 Qxd6 25. Qxe5 Bf7 0-1

[Event "Championnat de France - Open A"]
[Site "Aix-les-Bains"]
[Date "2007.08.25"]
[Round "11.6"]
[White "Chamba, Antoine"]
[Black "Le Bail, Clara"]
[Result "1/2-1/2"]
[WhiteElo "2091"]
[BlackElo "1981"]
[PlyCount "122"]
[EventDate "2007.??.??"]

1. g3 d5 2. Bg2 Nf6 3. Nf3 c6 4. O-O Bg4 5. d3 Nbd7 6. h3 Bxf3 7. Bxf3 e5 8. c4
dxc4 9. dxc4 Bc5 10. Nc3 O-O 11. Qc2 Re8 12. b3 Qe7 13. Bg2 e4 14. Bb2 h5 15.
e3 Bb6 16. Ne2 Bc7 17. Rad1 Nc5 18. Nc1 a5 19. a3 Nh7 20. b4 axb4 21. axb4 Na4
22. Bd4 h4 23. Ne2 Ng5 24. Nf4 Nf3+ 25. Bxf3 exf3 26. Qf5 Qe4 27. Qg4 Be5 28.
Bxe5 Rxe5 29. Qxh4 Qxc4 30. Rd4 Qb5 31. Rfd1 Nc3 32. Rd8+ Re8 33. Qe7 Rexd8 34.
Rxd8+ Rxd8 35. Qxd8+ Kh7 36. Qh4+ Kg8 37. Qd8+ Kh7 38. Qd3+ Qxd3 39. Nxd3 f6
40. Kf1 Kg6 41. Ne1 Nd5 42. b5 c5 43. Nxf3 Nc3 44. b6 Nd5 45. Nh4+ Kg5 46. f4+
Kh6 47. Nf5+ Kg6 48. Nd6 Nxe3+ 49. Kf2 Nd5 50. Nxb7 c4 51. Nd6 Nxb6 52. Ke3
Nd5+ 53. Kd4 c3 54. Kd3 Kh5 55. Ne4 g5 56. f5 g4 57. h4 c2 58. Kxc2 Ne3+ 59.
Kd3 Nxf5 60. Nxf6+ Kg6 61. Ne4 Nxh4 1/2-1/2

[Event "Championnat de France - Open A"]
[Site "Aix-les-Bains"]
[Date "2007.08.25"]
[Round "11.7"]
[White "Clement, Paul"]
[Black "Prodhomme, Boris"]
[Result "1/2-1/2"]
[WhiteElo "2046"]
[BlackElo "2071"]
[PlyCount "87"]
[EventDate "2007.??.??"]

1. Nf3 Nf6 2. g3 d5 3. Bg2 c6 4. d4 Bf5 5. O-O e6 6. c4 Be7 7. cxd5 exd5 8. Nc3
O-O 9. Ne5 Nbd7 10. Nd3 Qb6 11. e3 Qa6 12. Nf4 g5 13. Nfe2 Bd3 14. Re1 Ne4 15.
f3 Nxc3 16. Nxc3 Bf6 17. Bh3 Rad8 18. a3 Rfe8 19. b4 Nb6 20. a4 Qc4 21. Bd2 Bg6
22. Bf1 Qxb4 23. Nxd5 Qd6 24. Nxf6+ Qxf6 25. Kg2 g4 26. f4 c5 27. Qxg4 cxd4 28.
e4 h5 29. Qf3 Qc6 30. Bd3 Nc4 31. Bxc4 Qxc4 32. f5 Bh7 33. Rec1 Qa6 34. Qxh5
Qd3 35. Qg5+ Kh8 36. Qf6+ Kg8 37. Bh6 Qxe4+ 38. Kg1 Qe5 39. Qg5+ Bg6 40. fxg6
f6 41. Qd2 Qh5 42. Rc7 Re2 43. Rg7+ Kh8 44. Rh7+ 1/2-1/2